Maori boy : (Record no. 5059)

MARC details
000 -LEADER
fixed length control field 00918cam a2200229 4500
001 - CONTROL NUMBER
control field 5986
005 - DATE AND TIME OF LATEST TRANSACTION
control field 20181127180701.0
010 ## - LIBRARY OF CONGRESS CONTROL NUMBER
LC control number 2015513779
020 ## - INTERNATIONAL STANDARD BOOK NUMBER
International Standard Book Number 9781869797263
100 1# - MAIN ENTRY--PERSONAL NAME
Personal name Ihimaera, Witi,
Dates associated with a name 1944-
Relator term
245 10 - TITLE STATEMENT
Title Maori boy :
Remainder of title a memoir of childhood /
Statement of responsibility, etc. Witi Ihimaera.
264 #1 - PRODUCTION, PUBLICATION, DISTRIBUTION, MANUFACTURE, AND COPYRIGHT NOTICE
Place of production, publication, distribution, manufacture Auckland, New Zealand :
Name of producer, publisher, distributor, manufacturer Vintage,
Date of production, publication, distribution, manufacture, or copyright notice 2014.
300 ## - PHYSICAL DESCRIPTION
Extent 382 pages, 32 unnumbered pages of plates :
Other physical details black & white illustrations ;
Dimensions 24 cm
336 ## - CONTENT TYPE
Content type term text
Source rdacontent
337 ## - MEDIA TYPE
Media type term unmediated
Source rdamedia
338 ## - CARRIER TYPE
Carrier type term volume
Source rdacarrier
500 ## - GENERAL NOTE
General note ""This is Witi Ihimaera's enthralling memoir, packed with stories of the formative years of this much-loved writer.""
600 10 - SUBJECT ADDED ENTRY--PERSONAL NAME
Personal name Ihimaera, Witi,
Dates associated with a name 1944-
General subdivision Childhood and youth.
650 ## - SUBJECT ADDED ENTRY--TOPICAL TERM
Topical term or geographic name entry element Maori (New Zealand people) -- Biography.
Form subdivision
General subdivision
Chronological subdivision
Geographic subdivision
Source of heading or term
Topical term or geographic name entry element Authors, New Zealand
Chronological subdivision 20th century
Form subdivision Biography.
Topical term or geographic name entry element Authors, New Zealand
Chronological subdivision 21st century
Form subdivision Biography.
Holdings
Withdrawn status Lost status Source of classification or shelving scheme Damaged status Not for loan Collection code Home library Current library Shelving location Serial Enumeration / chronology Inventory number Total Checkouts Full call number Barcode Date last seen Price effective from Koha item type
    Dewey Decimal Classification     Main TEST RTC Library RTC Library Main opac 9492   920 IHI 30008426 27/11/2018 27/11/2018 Main
Royal Thimphu College || All Right Reserved